000 00529nam a22001817a 4500
003 MPLRDC
005 20220104195405.0
008 210129b ||||| |||| 00| 0 eng d
020 _a978-80769-891-3
082 _a494.1 TCMY
100 _a田川美由 MIYU TAGAWA
245 _a开间自己的小店,过自己想过的生活
_c周志燕 译
250 _a初版一刷
260 _a中国
_b时代出版传媒股份有限公司
_c2015
300 _b
650 _a管理理论;经营管理
942 _cBK
_o494.1 TCMY
999 _c66162
_d66152